01066nam a2200169 a 4500008004100000020001900041050001800060100001700078245006800095260004900163300002000212490002700232500004000259505052900299650004200828650002600870130509s2012 ||||||||||||||||| || u a9780273730002  aHG 4027.3 Arn aArnold, Glen10aFinancial Times: guide to the financial marketscby Glen Arnold aHarlow:bFinancial Times Prentice Hallc2012 ax, 564 p.: ill. aFinancial Times guides aIncludes bibliographical references aThe purpose of financial markets -- An overview of the markets and institutions -- Banking : retail and corporate -- Investment banking -- Other types of banking -- Central banking -- Pooled investment funds -- Insurance -- Money markets -- Bond markets : governments and corporates -- Bond markets : the more exotic -- Equity markets -- Raising share capital -- Futures markets -- Options and swaps -- Foreign exchange markets -- Hedge funds and private equity -- Regulation of the financial sector -- The financial crisis. 0aMONEY MARKET--HANDBOOKS, MANUALS, ETC aCORPORATIONS--FINANCE